LDR 00769naa#a2200169#i#450# 001 EN\FGKOU VO SPBU MVD ROSSII\bibl\109522 005 20260428232732.2 011 ## _a2713-0622 100 ## _a20260428b2026####ek#y0engy0150####ca 102 ## _aRU 200 1# _aEducational migration: the risks of socio-psychological disorientation of foreign postgraduate student _eJournal article 210 1# _aSt. Petersburg _cSAINT-PETERSBURG UNIVERSITY OF THE MINISTRY OF INTERNAL AFFAIRS OF THE RUSSIAN FEDERATION _d2026 215 ## _a15 с. 608 ## _aJournal article _2local 675 ## _aМетоды обучения. Формы преподавания. Формы получения образования. 371.3 _z 700 #1 _aAndrianova _gRoza Ahbanovna 856 4# _arussianjournaldeviantbehavior.ru _u